000
00252nam a22001097a 4500
008
141020t xxu||||| |||| 00| 0 eng d
020
_a
978-0-12-044565-3
100
_a
George N. Agrios
_9
935
245
_a
plant pathology
300
_a
000
942
_2
ddc
_c
BK
999
_c
17179
_d
17179